Vista normal
Vista MARC
Entrada Personal Name
Número de registros utilizados en: 1
001 - CONTROL NUMBER
- control field: 892
003 - CONTROL NUMBER IDENTIFIER
- control field: OSt
005 - DATE AND TIME OF LATEST TRANSACTION
- control field: 20110817130657.0
008 - FIXED-LENGTH DATA ELEMENTS
- fixed length control field: 110817|||a|||||| | ||| d
040 ## - CATALOGING SOURCE
- Original cataloging agency: OSt
- Transcribing agency: OSt
100 ## - HEADING--PERSONAL NAME
- Personal name: Guyton, Arthur C.
670 ## - SOURCE DATA FOUND
- Source citation: Work cat.: (OSt)584: Guyton, Arthur C., Tratado de Fisiología Médica / , 2004.